| 000 | 00420nam a2200181Ia 4500 | ||
|---|---|---|---|
| 005 | 20250423094624.0 | ||
| 008 | 250422s9999 xx 000 0 und d | ||
| 020 | _a0932194540 | ||
| 050 | _aHQ 536 .B72/ | ||
| 100 | _aJohn Bradshaw | ||
| 245 | 0 | _aBradshaw on : the family | |
| 260 | _aFlorida | ||
| 260 | _bHealth Commuications, Inc. | ||
| 260 | _c1987 | ||
| 300 | _a242 p | ||
| 650 | _aPsychology | ||
| 942 | _cBK | ||
| 999 |
_c27795 _d27795 |
||